000 00272nam a22001217a 4500
082 _a920
_bBAN/I
100 _aBANERJEE,HIRANMAY
245 _aISWARCHANDRA VIDYASAGAR
260 _aNEW DELHI
_bSAHITYA AKADEMI
300 _a87
650 _aBIOGRAPHY
_zNEW DELHI
942 _cBK
999 _c6229
_d6229